History Quiz

Random History or Century Quiz

Historical Life Span Overlap Quiz Stats

 Plays Quiz Updated Aug 20, 2014

Support Sporcle.
Go Orange.
Score 0/15 Timer 07:00
1 Play Today
% Correct
Steve Jobs and Mark Zuckerberg
87.4%
Abraham Lincoln and Queen Victoria
85.9%
John Lennon and Eminem
84.4%
Audrey Hepburn and Scarlett Johansson
78.3%
Johnny Carson and Jimmy Fallon
72.3%
Gandhi and Martin Luther King
66.6%
Albert Einstein and Stephen Hawking
66.1%
Wolfgang Amadeus Mozart and Ludwig van Beethoven
66.1%
% Correct
Groucho Marx and Jerry Seinfeld
61.9%
Ulysses S. Grant and Winston Churchill
61.1%
Amelia Earhart and Chuck Yeager
58.9%
Jane Austen and Charles Dickens
53.8%
Ernest Hemingway and Mark Twain
53%
Babe Ruth and Reggie Jackson
51.3%
Irving Berlin and Bob Dylan
46%

You're not logged in!

Compare scores with friends on all Sporcle quizzes.
OR
Log In

From the Vault

'Striped Sweater' Lyrics

by dumpsterdiver13

The best time to play Sporcle quizzes... is all the time....
Remove Ads.
Support Sporcle.
Get the best of Sporcle when you Go Orange. This ad-free experience offers more features, more stats, and more fun while also helping to support Sporcle. Thank you for becoming a member.

Show Comments

Extras

Top Quizzes Today


Score Distribution

Your Account Isn't Verified!

In order to create a playlist on Sporcle, you need to verify the email address you used during registration. Go to your Sporcle Settings to finish the process.

Report this User

Report this user for behavior that violates our Community Guidelines.

Details: